Спомени за Емилиян Станев (Запис номер 73088)
[ съкратено ]
| 000 -Лидер | |
|---|---|
| Контролно поле с фиксирана дължина | 01513nam a2200385 c 4500 |
| 003 - Код на организацията, давaща контролен номер | |
| Контролно поле | BLK |
| 005 - Дата и час на последна редакция | |
| Контролно поле | 20230512095319.0 |
| 008 - Елементи от данни с фиксирана дължина | |
| fixed length control field | 180408b bul|||||r ||||||| ||bul|| |
| 010 ## - Наследен системен номер | |
| LC control number | KNG00077469000 |
| 020 ## - Международен стандартен номер на книга ISBN | |
| Международен стандартен номер на книга ISBN | 978-954-607-745-5 |
| -- | издат.: ЛИК |
| 040 ## - Източник на каталожния запис | |
| Идентификатор на билиотеката - собственик на записа | BLK |
| 041 ## - Код за език | |
| Код за езика на текст/звукозапис или на отделно заглавие | Български |
| Код за езика КДБФ | Български |
| 080 ## - УДК | |
| Текстов определител УДК | Българска литература |
| УДК код - определител по УДК | 821.163.2 |
| УДК определител | (092)(093.3) |
| УДК - код + определител | 821.163.2(092)(093.3) |
| 080 ## - УДК | |
| Текстов определител УДК | Никола Стоянов Станев. Български писател |
| УДК код - определител по УДК | 929 Станев, Емилиян |
| УДК определител | |
| УДК - код + определител | 929 Станев, Емилиян |
| 139 ## - Редно поле | |
| Редна дума | Спомени за Емилиян Станев |
| Авторски знак | Стан - С 68 |
| 245 10 - Сведения за заглавието | |
| Заглавие | Спомени за Емилиян Станев |
| Редно поле (дума) | състав. Радка Пенчева Пенчева. |
| 257 ## - Страна на издаване | |
| Страна на създаване/издаване | България |
| 260 ## - Област на издателските данни | |
| -- | София |
| Име на издателя, разпространителя и проч. | ЛИК |
| Година на издаване | 2007 |
| 300 ## - Физическа характеристика | |
| Страници | 356 с. |
| Илюстрации и др. | със сн. |
| Размери/Мащаб | 20 см |
| 380 ## - Жанр | |
| Жанр | Литературознание |
| 500 ## - Общи забележки | |
| Забележка | Офс. изд. - Бележки ; Именен указател. |
| 600 14 - Име на лице, използвано като предмет | |
| За него / За нея | Станев, Емилиян |
| Пълна форма на името | Станев, Никола Стоянов |
| Свързани дати | 1907-1979 |
| 9 (RLIN) | 363786 |
| 650 #4 - Допълнително описание по предмет – тема | |
| Основно описание – тема или топоним | Писатели, български - спомени |
| 9 (RLIN) | 243093 |
| 650 #4 - Допълнително описание по предмет – тема | |
| Основно описание – тема или топоним | Станев, Емилиян |
| 9 (RLIN) | 243089 |
| 653 ## - Ключова дума – ненормативна | |
| Ключова дума | Емилиян Станев |
| 653 ## - Ключова дума – ненормативна | |
| Ключова дума | български писатели |
| 653 ## - Ключова дума – ненормативна | |
| Ключова дума | биографии |
| 653 ## - Ключова дума – ненормативна | |
| Ключова дума | спомени |
| 700 1# - Други автори (авторска отговорност) | |
| Лично име | Пенчева, Радка Пенчева |
| 9 (RLIN) | 371453 |
| 852 ## - Местоположение | |
| Форматна сигнатура | Цб 235539 |
| 856 4# - Електронен адрес и достъп | |
| Електронен формат | pdf - файл |
| Път до файла /url/ | |
| 856 4# - Електронен адрес и достъп | |
| Електронен формат | pdf - файл |
| Път до файла /url/ | |
| 942 ## - АРТИКУЛИ | |
| Вид на библиотечния материал | Книги |
| Скрит в OPAC | Не |
| 944 ## - СЪЗДАВАНЕ И РЕДАКЦИЯ на ЗАПИСА | |
| Създаване/Редакция | Създаване |
| Дата на регистрацията/редакция | 16.08.2007 |
| Служител, извършил регистрацията/редакцията | Пенка_Димитрова |
| 944 ## - СЪЗДАВАНЕ И РЕДАКЦИЯ на ЗАПИСА | |
| Създаване/Редакция | Редакция |
| Дата на регистрацията/редакция | 27.05.2008 |
| Служител, извършил регистрацията/редакцията | |
| 999 ## - СИСТЕМНИ КОНТРОЛНИ НОМЕРА | |
| Koha biblionumber | 73088 |
| Koha biblioitemnumber | 73088 |
| Код за отписване | Код за изгубен артикул | Източник на класификационната схема | Код за повреда | Коз за рестрикции | Код за отдаване | Артикулен № | Име на библиотеката - собственик | Име на библиотеката, в която се намира в момента | Статус (Текущо местоположение) | Дата на вписване в системата | Местоположение - отдел | Цена в лева | Инвентарен номер | Систематично азбучна сигнатура | Баркод | Номер на екземпляра | Цена в евро | Служебна бележка | Служебен тип на артикула |
|---|---|---|---|---|---|---|---|---|---|---|---|---|---|---|---|---|---|---|---|
| Не е изгубен | Universal Decimal Classification | Не е повреден | без рестрикции | заемане за дома | 118838 | Регионална библиотека "Любен Каравелов" Русе | Регионална библиотека "Любен Каравелов" Русе | Заемна - подръчен фонд | 2007-08-16 | Заемна - подръчен фонд | 15.00 | 120000716725 | П 821.163.2.09(092)/С 68 | 120000716725 | 1 | 7.67 | Дост: Pk Вид: Ф N: 7450 Дата: 14.08.2007 Дата инв: 07.02.2018 Бележки инв: П2018 | Книги | |
| Не е изгубен | Не е повреден | без рестрикции | ползва се в читалня | 118839 | Регионална библиотека "Любен Каравелов" Русе | Регионална библиотека "Любен Каравелов" Русе | Хранилище | 2008-05-27 | Хранилище | 15.00 | 120000726672 | Цб 235539 | 120000726672 | 2 | 7.67 | Дост: Dp Вид: Д N: 15 Дата: 12.03.2008 | Книги |